00860cam a22002411 450000100060000000300080000600500170001400800410003103500190007203500180009104000440010904100080015308200210016110000190018224501360020126000430033730000270038049000650040750400200047265000260049265100350051883000650055334385BD-RjUL20211209052142.0140517t1952 enk b 001 0 eng d a(BD-RjUL)34479 a(OCoLC)261392 aDLCcODaWUdNcRSdUkdDLCdBD-RjULbeng aeng04a323.33bTRP 19521 aTrouton, Ruth.10aPeasant renaissance in Yugoslavia, 1900-1950 :ba study of the development of Yugoslavia peasant society as affected by education / aLondon :bRoutledge & K. Paul.,c1952. axiii, 344 p. ;c22 cm.1 aInternational library of sociology and social reconstruction aincludes index, 0aPeasantszYugoslavia. 0aYugoslaviaxSocial conditions.1 aInternational library of sociology and social reconstruction